[Event "BCF-chT4 1516 (4NCL)"]
[Site "England"]
[Date "2016.05.01"]
[Round "10.99"]
[White "Davies, Peter L"]
[Black "Raghavendra, Mahima"]
[Result "1-0"]
[WhiteElo "2016"]
[BlackElo "1802"]
[PlyCount "64"]
[EventDate "2015.11.14"]
[EventType "team-swiss"]
[EventRounds "11"]
[EventCountry "ENG"]
[SourceTitle "EXT 2017"]
[Source "ChessBase"]
[SourceDate "2016.10.25"]
[SourceVersion "1"]
[SourceVersionDate "2016.10.25"]
[SourceQuality "1"]
[WhiteTeam "The Full Ponty"]
[BlackTeam "Midland Monarchs II"]
[WhiteTeamCountry "ENG"]
[BlackTeamCountry "ENG"]

1. c4 Nf6 2. Nc3 g6 3. g3 Bg7 4. Bg2 c6 5. e4 d6 6. d4 Nbd7 7. Nge2 c5 8. d5 a5 9. 0-0 Nb6 10. b3 0-0 11. a4 e6 12. Ra2 exd5 13. cxd5 Re8 14. h3 Bd7 15. Bf4 Nc8 16. Qd2 Qb6 17. Bh6 Bh8 18. Kh1 Bg7 19. Bxg7 Kxg7 20. Nf4 Qd8 21. Nd3 b6 22. f4 Ng8 23. e5 Rb8 24. Re1 Nh6 25. g4 b5 26. axb5 Bxb5 27. Nxb5 Rxb5 28. f5 Ng8 29. f6+ Kh8 30. g5 Qd7 31. Qc3 dxe5 32. Nxe5 Qc7 1-0

[Event "BCF-chT4 1516 (4NCL)"]
[Site "England"]
[Date "2016.02.13"]
[Round "5.168"]
[White "Davies, Peter L"]
[Black "Kenning, Paul H"]
[Result "1-0"]
[WhiteElo "2016"]
[BlackElo "1866"]
[PlyCount "59"]
[EventDate "2015.11.14"]
[EventType "team-swiss"]
[EventRounds "11"]
[EventCountry "ENG"]
[SourceTitle "EXT 2017"]
[Source "ChessBase"]
[SourceDate "2016.10.25"]
[SourceVersion "1"]
[SourceVersionDate "2016.10.25"]
[SourceQuality "1"]
[WhiteTeam "The Full Ponty"]
[BlackTeam "Iceni"]
[WhiteTeamCountry "ENG"]
[BlackTeamCountry "ENG"]

1. e4 d6 2. d4 Nf6 3. Nc3 c6 4. f4 Qa5 5. Bd3 e5 6. Nf3 exd4 7. Nxd4 g6 8. Qe2 Bg7 9. Nb3 Qc7 10. a4 0-0 11. 0-0 Nbd7 12. e5 dxe5 13. f5 Nd5 14. Qf3 Nb4 15. Be3 Nxd3 16. cxd3 b6 17. Nd2 Ba6 18. Nc4 Rae8 19. Ne4 Bxc4 20. dxc4 Nf6 21. Rad1 Nxe4 22. Qxe4 Rd8 23. c5 Rxd1 24. Rxd1 Rc8 25. Rd6 Bf8 26. Qxe5 Bxd6 27. cxd6 Qd8 28. Bd4 f6 29. Qxf6 Qf8 30. Qe6+ 1-0

[Event "BCF-chT4 1516 (4NCL)"]
[Site "England"]
[Date "2015.11.14"]
[Round "1.99"]
[White "Staniforth, Matthew"]
[Black "Davies, Peter L"]
[Result "1/2-1/2"]
[WhiteElo "1874"]
[BlackElo "2016"]
[PlyCount "72"]
[EventDate "2015.11.14"]
[EventType "team-swiss"]
[EventRounds "11"]
[EventCountry "ENG"]
[SourceTitle "EXT 2017"]
[Source "ChessBase"]
[SourceDate "2016.10.25"]
[SourceVersion "1"]
[SourceVersionDate "2016.10.25"]
[SourceQuality "1"]
[WhiteTeam "West is Best II"]
[BlackTeam "The Full Ponty"]
[WhiteTeamCountry "ENG"]
[BlackTeamCountry "ENG"]

1. e4 e5 2. Nf3 Nc6 3. Nc3 Nf6 4. Be2 d5 5. exd5 Nxd5 6. 0-0 Nxc3 7. bxc3 e4 8. Ne1 Be7 9. f3 exf3 10. Bxf3 0-0 11. d4 Bf6 12. Ba3 Be7 13. Bb2 Na5 14. Be4 f5 15. Bd3 Be6 16. Qe2 Qd5 17. Nf3 Rae8 18. Ne5 Bd8 19. Rfe1 c6 20. Qh5 Bf7 21. Qh3 g6 22. c4 Qd6 23. Bc3 Bf6 24. Kh1 Bxe5 25. dxe5 Qa3 26. Bd2 Be6 27. Reb1 Rf7 28. Bb4 Qa4 29. Bd6 c5 30. Bxc5 Qc6 31. Bxa7 f4 32. Qf3 Qxf3 33. gxf3 Nxc4 34. Bd4 Nd2 35. Rb6 Bd5 36. c4 Nxc4 1/2-1/2

[Event "Arco op 37th"]
[Site "Arco"]
[Date "2015.10.15"]
[Round "6"]
[White "Panjkovic, Aleksandar"]
[Black "Davies, Peter L"]
[Result "1/2-1/2"]
[WhiteElo "2148"]
[BlackElo "1997"]
[PlyCount "54"]
[EventDate "2015.10.10"]
[EventType "swiss"]
[EventRounds "9"]
[EventCountry "ITA"]
[SourceTitle "CBM 168 Extra"]
[Source "ChessBase"]
[SourceDate "2015.10.29"]
[SourceVersion "1"]
[SourceVersionDate "2015.10.29"]
[SourceQuality "1"]

1. g3 g6 2. d3 Bg7 3. Bg2 d6 4. Nf3 e5 5. 0-0 Ne7 6. c4 0-0 7. Nc3 c6 8. e4 Bg4 9. h3 Bxf3 10. Bxf3 Nd7 11. Be3 c5 12. Qd2 Nc6 13. Nd5 Nd4 14. Bg2 Nb6 15. Bxd4 cxd4 16. Rac1 Nd7 17. b4 b6 18. Rc2 h5 19. f4 Bh6 20. Qe2 Nf6 21. Kh1 Nxd5 22. cxd5 Rc8 23. b5 Rc3 24. f5 Qg5 25. fxg6 fxg6 26. Rxf8+ Bxf8 27. Kh2 Bh6 1/2-1/2